000 00450nam a22001937a 4500
003 MPLRDC
005 20220104124348.0
008 210129b ||||| |||| 00| 0 eng d
020 _a957-8837-06-2
082 _a857.7 XJJH v.2
100 _a张明玉
245 _a夜来香
_c
250 _a初版
260 _a
_b九仪出版社
_c1993
300 _b
490 _a戏剧精华. 2
650 _a长篇小说
942 _cBK
_o857.7 XJJH v.2
999 _c18731
_d18721